000
00238nam a2200085Ia 4500
245
0
_a
Obesity discrimination
100
_a
Bryan, Dale-Marie New York, 2009 1st ed
_9
78756
942
_c
BK
008
210817s9999 xx 000 0 und d
999
_c
272729
_d
272728